000 00631nam a2200229Ia 4500
003 OSt
005 20220918192945.0
006 a|||||r|||| 00| 0
007 ta
008 220917b |||||||| |||| 00| 0 eng d
024 _a71,321
037 _cTextual
040 _aARTS
_cARTS
_beng
041 _2eng
_aeng
082 _aR3xM82x, M7
100 _aSchlick M
_980765
245 0 _aProblems of philosophy in their interconnection
_b winter semester lectures
260 _aDordrecht
_bD Reidel
_c1987
300 _ax, 213p.
_ccm.
942 _hR3xM82x, M7
_cTEXL
_2CC
999 _c197394
_d197394